000 00583nam a22002057a 4500
999 _c7887
_d7887
003 OSt
005 20220426111604.0
008 220426b ||||| |||| 00| 0 eng d
020 _a9780077164126
040 _cDDC
082 _a658.3 HUM 2015
100 _aNOE RAYMOND. A
_916025
245 _aHUMAN RESOURCE MANAGEMENT
_bGAINING A COMPETITIVE ADVANTAGE
250 _a9TH ED
260 _aNEWYORK
_bMCGRAW HILL
_c2015
300 _aXLIV,787P.
_bILL COL
_c25CM
504 _aINCLUDES GLOSSARY, APPENDIX AND INDEX
650 _aHUMAN RESOURCE MANAGEMENT
_95317
942 _2ddc
_cBOOK